[Event "Friedrichroda op 12th"]
[Site "Friedrichroda"]
[Date "2008.08.09"]
[Round "7"]
[White "Seifart, Mario"]
[Black "Zimmer, Frank2222"]
[Result "1/2-1/2"]
[WhiteElo "1992"]
[BlackElo "1796"]
[PlyCount "32"]
[EventDate "2008.08.06"]
[EventType "swiss"]
[EventRounds "7"]
[EventCountry "GER"]
[SourceTitle "CBM 126 Extra"]
[Source "ChessBase"]
[SourceDate "2008.11.05"]
[SourceVersion "1"]
[SourceVersionDate "2008.11.05"]
[SourceQuality "1"]
[WhiteTeam "Attikis Aspropirgos (W)"]
[BlackTeam "Attikis Aspropirgos (W)"]
[WhiteTeamCountry "GRE"]
[BlackTeamCountry "GRE"]

1. d4 f5 2. Bg5 g6 3. h4 Bg7 4. e3 d6 5. Nf3 Nc6 6. Nc3 Bd7 7. Qd2 h6 8. Bf4 e5 9. dxe5 dxe5 10. Bg3 e4 11. Nd4 Nf6 12. 0-0-0 Ng4 13. Nd5 Nge5 14. Nf4 Qf6 15. Nd5 Qd8 16. Nf4 Qf6 1/2-1/2

[Event "Friedrichroda op 12th"]
[Site "Friedrichroda"]
[Date "2008.08.08"]
[Round "4"]
[White "Joerges, Frank"]
[Black "Seifart, Mario"]
[Result "1/2-1/2"]
[WhiteElo "2018"]
[BlackElo "1992"]
[PlyCount "39"]
[EventDate "2008.08.06"]
[EventType "swiss"]
[EventRounds "7"]
[EventCountry "GER"]
[SourceTitle "CBM 126 Extra"]
[Source "ChessBase"]
[SourceDate "2008.11.05"]
[SourceVersion "1"]
[SourceVersionDate "2008.11.05"]
[SourceQuality "1"]
[WhiteTeam "Attikis Aspropirgos (W)"]
[BlackTeam "Attikis Aspropirgos (W)"]
[WhiteTeamCountry "GRE"]
[BlackTeamCountry "GRE"]

1. d4 d5 2. Nf3 e6 3. e3 Nf6 4. Bd3 Nbd7 5. Nbd2 Bd6 6. c3 0-0 7. 0-0 c6 8. e4 dxe4 9. Nxe4 Nxe4 10. Bxe4 h6 11. Re1 Qc7 12. Qe2 e5 13. dxe5 Nxe5 14. Nxe5 Bxe5 15. Bh7+ Kxh7 16. Qxe5 Qxe5 17. Rxe5 Be6 18. Be3 b6 19. f3 Rfd8 20. a4 1/2-1/2

[Event "Bad Harzburg op"]
[Site "Bad Harzburg"]
[Date "2007.10.26"]
[Round "6"]
[White "Rzehak, Michael"]
[Black "Seifart, Mario"]
[Result "1/2-1/2"]
[WhiteElo "2166"]
[BlackElo "1988"]
[PlyCount "36"]
[EventDate "2007.10.23"]
[EventType "swiss"]
[EventRounds "7"]
[EventCountry "GER"]
[SourceTitle "EXT 2009"]
[Source "ChessBase"]
[SourceDate "2008.11.26"]
[SourceVersion "1"]
[SourceVersionDate "2008.11.26"]
[SourceQuality "1"]

1. e4 e6 2. d4 d5 3. e5 c5 4. c3 Nc6 5. Nf3 Qb6 6. a3 a5 7. Bd3 Bd7 8. dxc5 Bxc5 9. 0-0 a4 10. Qe2 Nge7 11. Nbd2 Na5 12. Re1 Ng6 13. g3 0-0 14. b4 axb3 15. Bb2 Bc6 16. Nd4 Bxd4 17. cxd4 f5 18. Bc3 Rfc8 1/2-1/2

[Event "Muehlhaeusen op"]
[Site "Muehlhausen"]
[Date "2007.05.19"]
[Round "6.9"]
[White "Skorna, Ullrich"]
[Black "Seifart, Mario"]
[Result "1/2-1/2"]
[WhiteElo "2101"]
[BlackElo "1984"]
[PlyCount "56"]
[EventDate "2007.05.16"]
[EventType "swiss"]
[EventRounds "7"]
[EventCountry "GER"]
[SourceTitle "CBM 118 Extra"]
[Source "ChessBase"]
[SourceDate "2007.07.04"]
[SourceVersion "1"]
[SourceVersionDate "2007.07.04"]
[SourceQuality "1"]

1. e4 e6 2. d4 d5 3. Nc3 dxe4 4. Nxe4 Nd7 5. Nf3 Ngf6 6. Nxf6+ Nxf6 7. Bg5 Be7 8. Bd3 Nd7 9. Bxe7 Qxe7 10. Qe2 c5 11. 0-0 0-0 12. Rad1 Re8 13. c3 cxd4 14. Nxd4 a6 15. Rfe1 g6 16. Bc2 e5 17. Qc4 Nb6 18. Qb3 Qc7 19. Qb4 Bg4 20. Nb5 axb5 21. Qxg4 Rxa2 22. Bb3 Ra5 23. Qb4 Nc4 24. Rd5 Nxb2 25. h3 b6 26. Rb1 Nc4 27. Rxb5 Rxb5 28. Qxb5 Rc8 1/2-1/2

[Event "Bad Zwesten op 10th"]
[Site "Bad Zwesten"]
[Date "2006.01.04"]
[Round "4"]
[White "Seifart, Mario"]
[Black "Elstner, Eik"]
[Result "1/2-1/2"]
[WhiteElo "1981"]
[BlackElo "2105"]
[PlyCount "52"]
[EventDate "2006.01.02"]
[EventType "swiss"]
[EventRounds "9"]
[EventCountry "GER"]
[SourceTitle "CBM 110 Extra"]
[Source "ChessBase"]
[SourceDate "2006.03.10"]
[SourceVersion "2"]
[SourceVersionDate "2006.03.10"]
[SourceQuality "1"]

1. d4 d5 2. c4 e6 3. Nc3 Nf6 4. Nf3 Nbd7 5. Bf4 c6 6. e3 Qa5 7. Nd2 Bb4 8. Qc2 0-0 9. Bd3 Re8 10. 0-0 e5 11. Nb3 Qd8 12. Bg5 e4 13. Be2 h6 14. Bh4 Nf8 15. cxd5 Bxc3 16. Qxc3 cxd5 17. Rac1 Bd7 18. Qb4 a5 19. Qd6 Re6 20. Qc7 Rb6 21. Qc3 a4 22. Nc5 Be8 23. f3 Rc6 24. Qd2 b6 25. Bxf6 Rxf6 26. Na6 exf3 1/2-1/2

[Event "Northeim CES 1st"]
[Site "Northeim"]
[Date "2005.04.14"]
[Round "2"]
[White "Senff, Dieter"]
[Black "Seifart, Mario"]
[Result "1/2-1/2"]
[WhiteElo "2303"]
[BlackElo "1981"]
[PlyCount "54"]
[EventDate "2005.04.14"]
[EventType "swiss"]
[EventRounds "7"]
[EventCountry "GER"]
[SourceTitle "CBM 105 Extra"]
[Source "ChessBase"]
[SourceDate "2005.05.01"]
[SourceVersion "1"]
[SourceVersionDate "2005.05.01"]
[SourceQuality "1"]

1. f4 d5 2. Nf3 Nf6 3. e3 g6 4. b3 Bg7 5. Bb2 0-0 6. Be2 c5 7. 0-0 Bg4 8. h3 Bxf3 9. Bxf3 Nc6 10. a3 Ne4 11. Bxg7 Kxg7 12. Qe1 Qa5 13. d3 Qxe1 14. Rxe1 Nf6 15. Nd2 Rfd8 16. e4 dxe4 17. Nxe4 Nd4 18. Bd1 Rac8 19. Kf2 b5 20. a4 c4 21. axb5 cxb3 22. cxb3 Nxb5 23. Nxf6 Kxf6 24. Ra5 Nc3 25. Rxa7 Nxd1+ 26. Rxd1 Rc2+ 27. Kf3 Rb8 1/2-1/2

[Event "Hoeckendorf op"]
[Site "Hoeckendorf"]
[Date "2004.02.02"]
[Round "4"]
[White "Seifart, Mario"]
[Black "Wichmann, Cliff"]
[Result "0-1"]
[WhiteElo "1968"]
[BlackElo "2312"]
[PlyCount "84"]
[EventDate "2004.01.30"]
[EventType "swiss"]
[EventRounds "9"]
[EventCountry "GER"]
[SourceTitle "EXT 2008"]
[Source "ChessBase"]
[SourceDate "2007.11.25"]
[SourceVersion "1"]
[SourceVersionDate "2007.11.25"]
[SourceQuality "1"]

1. d4 d5 2. c4 dxc4 3. Nf3 Nf6 4. e3 e6 5. Bxc4 c5 6. 0-0 a6 7. Bb3 Nc6 8. Nc3 Be7 9. Re1 0-0 10. a4 Qb6 11. Bc2 cxd4 12. exd4 Rd8 13. a5 Nxa5 14. Na4 Qc7 15. Bd2 Nc6 16. Rc1 b5 17. Nc3 Qd7 18. Be3 Bb7 19. Ne5 Qe8 20. Qf3 Rac8 21. Red1 b4 22. Ne4 Nxd4 23. Nxf6+ Bxf6 24. Qxb7 Nxc2 25. Rxd8 Rxd8 26. Nc6 Rd6 27. Nxb4 Bxb2 28. Rf1 Rd7 29. Qb6 Nxe3 30. fxe3 Rd2 31. Nxa6 h6 32. Nc5 Qa8 33. Qb7 Qxb7 34. Nxb7 Re2 35. Nd6 Bf6 36. Nc4 Rc2 37. Nd6 Rc6 38. Ne4 Be5 39. Nd2 Rc3 40. e4 Re3 41. Rf3 Re2 42. Rd3 Bf4 0-1

[Event "Baunatal op 7th"]
[Site "Baunatal"]
[Date "2001.08.08"]
[Round "1"]
[White "Seifart, Mario"]
[Black "Ivanov, Mikhail M"]
[Result "0-1"]
[WhiteElo "1839"]
[BlackElo "2446"]
[PlyCount "72"]
[EventDate "2001.08.08"]
[EventType "swiss"]
[EventRounds "7"]
[EventCountry "GER"]
[SourceTitle "EXT 2002"]
[Source "ChessBase"]
[SourceDate "2001.11.25"]
[SourceVersion "1"]
[SourceVersionDate "2001.11.25"]
[SourceQuality "1"]

1. d4 Nf6 2. c4 g6 3. Nc3 Bg7 4. e4 d6 5. f3 0-0 6. Be3 a6 7. Qd2 Nbd7 8. Nge2 c5 9. d5 b5 10. cxb5 Qa5 11. Nc1 axb5 12. Nb3 Qb6 13. Bxb5 Nxe4 14. fxe4 Bxc3 15. Qxc3 Qxb5 16. Bh6 Ne5 17. Bxf8 Bg4 18. Kf2 Rxf8 19. h3 Bc8 20. Rhf1 Qa4 21. Rfe1 c4 22. Nc1 f5 23. exf5 Rxf5+ 24. Kg1 Qa7+ 25. Qe3 Qb7 26. Qd4 Rg5 27. Re3 Be6 28. Kh2 Bxd5 29. Rg3 Bxg2 30. Qf2 Rxg3 31. Kxg3 Be4 32. a4 Bf5 33. a5 h5 34. h4 Qe4 35. Qe2 Qd4 36. Na2 g5 0-1

[Event "Baunatal op 5th"]
[Site "Baunatal"]
[Date "1999.08.14"]
[Round "6"]
[White "Dec, Paul"]
[Black "Seifart, Mario"]
[Result "0-1"]
[WhiteElo "1685"]
[BlackElo "1923"]
[PlyCount "38"]
[EventDate "1999.08.??"]
[EventType "swiss"]
[EventRounds "7"]
[EventCountry "GER"]
[SourceTitle "EXT 2000"]
[Source "ChessBase"]
[SourceDate "1999.11.16"]
[SourceVersion "1"]
[SourceVersionDate "1999.11.16"]
[SourceQuality "1"]

1. e4 e6 2. d4 d5 3. Nd2 Nf6 4. e5 Ne4 5. Nxe4 dxe4 6. Be3 c5 7. Ne2 Nc6 8. c3 cxd4 9. cxd4 Bb4+ 10. Nc3 0-0 11. Bc4 Na5 12. Bb3 Nxb3 13. Qxb3 Qa5 14. 0-0 Bd7 15. a3 Bxc3 16. bxc3 Bc6 17. Bg5 Rfe8 18. Rfe1 f6 19. exf6 Qxg5 0-1

[Event "Baunatal op 5th"]
[Site "Baunatal"]
[Date "1999.08.14"]
[Round "4"]
[White "Lingelmann, Andreas"]
[Black "Seifart, Mario"]
[Result "1/2-1/2"]
[WhiteElo "2150"]
[BlackElo "1923"]
[PlyCount "54"]
[EventDate "1999.08.??"]
[EventType "swiss"]
[EventRounds "7"]
[EventCountry "GER"]
[SourceTitle "EXT 2000"]
[Source "ChessBase"]
[SourceDate "1999.11.16"]
[SourceVersion "1"]
[SourceVersionDate "1999.11.16"]
[SourceQuality "1"]

1. e4 e6 2. d4 d5 3. Nc3 Nf6 4. Bg5 Be7 5. e5 Ne4 6. Nxe4 dxe4 7. Bxe7 Qxe7 8. Qd2 0-0 9. 0-0-0 Bd7 10. f3 Bc6 11. fxe4 Bxe4 12. Nf3 Nd7 13. Qf4 Bg6 14. h4 f6 15. Qg3 fxe5 16. dxe5 Nc5 17. h5 Ne4 18. Qe1 Bf5 19. Bd3 Nc5 20. Bxf5 Rxf5 21. h6 g6 22. Nd4 Qg5+ 23. Kb1 Rxe5 24. Qc3 Qe3 25. Qc4 Rf8 26. b4 Na4 27. Qxc7 Rf7 1/2-1/2

[Event "Baunatal op 5th"]
[Site "Baunatal"]
[Date "1999.08.12"]
[Round "1"]
[White "Seifart, Mario"]
[Black "Koller, Jens"]
[Result "1-0"]
[WhiteElo "1923"]
[BlackElo "1489"]
[PlyCount "35"]
[EventDate "1999.08.??"]
[EventType "swiss"]
[EventRounds "7"]
[EventCountry "GER"]
[SourceTitle "EXT 2000"]
[Source "ChessBase"]
[SourceDate "1999.11.16"]
[SourceVersion "1"]
[SourceVersionDate "1999.11.16"]
[SourceQuality "1"]

1. d4 Nf6 2. c4 g6 3. Nc3 Bg7 4. e4 d6 5. f3 0-0 6. Be3 b6 7. Nge2 Bb7 8. Qd2 Nbd7 9. g4 c5 10. Ng3 Ne8 11. d5 Ne5 12. Be2 Nf6 13. Bh6 a6 14. Bxg7 Kxg7 15. g5 Nh5 16. Nxh5+ gxh5 17. f4 Ng4 18. h3 1-0